Baltic City or Balkan City? - Statistics

General Stats
  • This quiz has been taken 35 times
  • The average score is 13 of 16
Answer Stats
Question Answer % Correct
Banja Luka Balkan
97%
Kuressaare Baltic
94%
Kumanovo Balkan
91%
Prizren Balkan
91%
Klaipėda Baltic
91%
Maribor Balkan
88%
Liepāja Baltic
88%
Kotor Balkan
85%
Ystad Baltic
85%
Edirne Balkan
79%
Puck Baltic
70%
Volos Balkan
67%
Svetlogorsk Baltic
64%
Bochum Baltic
64%
Odense Baltic
61%
Tulcea Balkan
58%
No matching quizzes found
Score Distribution
Percent of People with Each Score
Percentile by Number Answered
Your Score History
You have not taken this quiz